|
|
|
|
| LEADER |
01999cam a2200529 a 4500 |
| 001 |
nkc20091868215 |
| 003 |
CZ PrNK |
| 005 |
20090813164044.0 |
| 007 |
ta |
| 008 |
090525s2009 xr a e f 000 0 cze d |
| 015 |
|
|
|a cnb001868215
|
| 020 |
|
|
|a 978-80-247-2206-1
|q (brož.)
|
| 035 |
|
|
|a (OCoLC)428366712
|
| 040 |
|
|
|a KLG001
|b cze
|d BOA001
|d ABA001
|
| 072 |
|
7 |
|a 37
|x Výchova a vzdělávání
|2 Konspekt
|9 22
|
| 080 |
|
|
|a 159.922.7
|2 MRF
|
| 080 |
|
|
|a 159.944
|2 MRF
|
| 080 |
|
|
|a 37.03-053.2
|2 MRF
|
| 080 |
|
|
|a 173.5/.7
|2 MRF
|
| 080 |
|
|
|a (0.062)
|2 MRF
|
| 100 |
1 |
|
|a Hoskovcová, Simona,
|d 1973-
|7 xx0026513
|4 aut
|
| 245 |
1 |
0 |
|a Výchova k psychické odolnosti dítěte :
|b silní pro život /
|c Simona Horáková Hoskovcová, Lucie Suchochlebová Ryntová
|
| 246 |
3 |
0 |
|a Silní pro život
|
| 250 |
|
|
|a Vyd. 1.
|
| 260 |
|
|
|a Praha :
|b Grada,
|c 2009
|
| 300 |
|
|
|a 218 s. :
|b il. ;
|c 21 cm
|
| 490 |
1 |
|
|a Pro rodiče
|
| 504 |
|
|
|a Obsahuje bibliografie
|
| 650 |
0 |
7 |
|a psychologie dítěte
|7 ph117256
|2 czenas
|
| 650 |
0 |
7 |
|a psychická odolnost
|7 ph124783
|2 czenas
|
| 650 |
0 |
7 |
|a výchova dítěte
|7 ph127420
|2 czenas
|
| 650 |
0 |
7 |
|a rodiče a děti
|7 ph116053
|2 czenas
|
| 650 |
0 |
9 |
|a child psychology
|2 eczenas
|
| 650 |
0 |
9 |
|a psychic resistance
|2 eczenas
|
| 650 |
0 |
9 |
|a child rearing
|2 eczenas
|
| 650 |
0 |
9 |
|a parents and children
|2 eczenas
|
| 655 |
|
7 |
|a populárně-naučné publikace
|7 fd131864
|2 czenas
|
| 655 |
|
9 |
|a popular works
|2 eczenas
|
| 700 |
1 |
|
|a Suchochlebová Ryntová, Lucie,
|d 1969-
|7 jn20000402161
|4 aut
|
| 830 |
|
0 |
|a Pro rodiče
|0 s
|
| 856 |
4 |
1 |
|u http://www.digitalniknihovna.cz/mzk/uuid/uuid:71935e00-ef21-11e4-b834-005056827e51
|y Digitalizovaný dokument
|x NDK
|
| 910 |
2 |
|
|a BOA001
|b 2-1224.341
|
| 990 |
|
|
|a BK
|
| 995 |
|
|
|a 01
|
| 991 |
|
|
|b 200906
|c NOV
|j 37 HOS
|
| 996 |
6 |
|
|b 2610379624
|c 2-1224.341
|l MZK
|r Sklad / do 1 hodiny
|n 8
|p p.v.
|w 000942286
|u 000010
|a 1
|e BOA001
|j MZK50
|s P
|
| 996 |
7 |
|
|b 2610382869
|c 2-1224.341
|l Vol.výběr
|r VV 0p
|n 55
|p kup
|h 37.03 HOS
|w 000942286
|u 000020
|a 0
|e BOA001
|j MZK50
|s A
|